00361nam a2200145Ia 4500003000400000005001700004008004000021040000700061041000800068082001100076100002300087245004500110260005200155300000800207OSt20241030160311.0210210b1965 xxu||||| |||| 00| 0 eng d cAL aeng a030/30 aCRUDEN (Alexander) aConcordance to the old and new testament aLondonbGeorge Routledge and Sons Limitedc1965 a572